Представление документа в формате RUSMARC

ПолеНазваниеЗначение
  Тип записи a
  Библиографический уровень m
001 Контрольный номер RU\NLR\BIBL_A\022619472
005 Дата корректировки 20260428165314.9
010 Индекс ISBN __
a ISBN 978-5-907759-05-3
9 Тираж 2000 экз.
b Уточнения в пер.
100 Данные общей обработки __
a Данные общей обработки 20260403d2025 uy0rusa0189 ca
101 Язык документа 0_
a Язык текста rus
102 Страна публикации __
a Страна публикации RU
105 Кодированные данные (монография) __
a Кодированные данные (монография) a z 011yb
200 Заглавие и сведения об ответственности 1_
a Заглавие Саша Ковалёв
f Первые сведения об ответственности Е. И. Ильинская
g Последующие сведения об ответственности художники Г. В. Кривошеева [и др.]
203 Вид содержания и тип средства __
a Вид содержания Текст
a Вид содержания Изображение
b Характеристика содержания визуальные
c Тип средства непосредственные
210 Выходные данные 1_
a Место издания Москва
c Издательство Издательский дом Вахромеева
d Дата издания 2025
215 Физическое описание __
a Объем 29, [2] с.
c Иллюстрации/тип воспроизводства цв. ил.
d Формат 26 см
225 Серия 1_
a Серия Дети, приближавшие Победу
300 Общие примечания __
a Общие примечания 80 лет Великой Победы
320 Библиография __
a Библиография Библиогр. в конце кн.
333 Примечание о целевом назначении __
a Примечание о целевом назначении 6+
606 Тематические рубрики 1_
a Основная рубрика Проза биографическая (д. л.)
606 Тематические рубрики 0_
a Основная рубрика Партизанское движение в Великой Отечественной войне 1941-1945 гг. (д. л.)
610 Ключевые слова 0_
a Ключевые слова партизанское движение в Великой Отечественной войне 1941-1945 гг. (д. л.); проза биографическая
686 Индексы других классификаций __
a Классификационный индекс 84Р2-43
2 Код системы rubbk
700 Автор _1
a Фамилия Ильинская
b Имя (инициалы) Е. И.
g Полное личное имя Елена Ивановна
701 Альтернативная интеллектуальная ответственность _1
a Фамилия Ковалёв
b Имя (инициалы) А. Н.
f Даты 1927-1944
c Титул (звания) участник Великой Отечественной войны
g Полное личное имя Александр Николаевич
4 Код отношения 280
702 Вторичная интеллектуальная ответственность _1
a Фамилия Кривошеева
b Имя (инициалы) Г. В.
g Полное личное имя Галина Васильевна
4 Код отношения 040
702 Вторичная интеллектуальная ответственность _1
a Фамилия Покрышкин
b Имя (инициалы) А. А.
4 Код отношения 040
702 Вторичная интеллектуальная ответственность _1
a Фамилия Тарасов
b Имя (инициалы) В. Д.
4 Код отношения 040
801 Источник записи _0
a Страна RU
b Организация NLR
c Дата составления 20250911
g Правила каталогизации RCR
801 Источник записи _1
a Страна RU
b Организация NLR
c Дата составления 20250911
2 Код формата rusmarc
801 Источник записи _2
a Страна RU
b Организация Ульяновская ОНБ
c Дата составления 20260403
2 Код формата rusmarc
g Правила каталогизации RCR
900 Электронные ресурсы __
a Имя электронного ресурса вахромеев20260008
900 Электронные ресурсы __
a Имя электронного ресурса вахромеев20260009
901 Тип документа __
t Тип документа m
909 Создатель записи __
a Создатель записи Макушик
b Дата создания записи 20260403
910 Корректоры записи __
a Корректор записи Пряхина
b Дата внесения изменения в запись 20260428